Effect of duration applicating direct seeding mulch based cropping system on soil fuana in chamkaler district,kompong cham province, ឥទ្ធិពលនៃរយៈពេលអនុរត្តប្រព័ន្ធដាំដុះដំណាំគម្របដីលើប្រជាករសត្វល្អិតក្នុងដីលក្ខខណ្ឌស្រុកចំការលើ​ខេត្តកំពង់ចាម (Record no. 1730)

000 -LEADER
fixed length control field 00819nam a22001577a 4500
003 - CONTROL NUMBER IDENTIFIER
control field OSt
005 - DATE AND TIME OF LATEST TRANSACTION
control field 20151003090658.0
008 - FIXED-LENGTH DATA ELEMENTS--GENERAL INFORMATION
fixed length control field 151003b xxu||||| |||| 00| 0 eng d
040 ## - CATALOGING SOURCE
Transcribing agency RUA
082 ## - DEWEY DECIMAL CLASSIFICATION NUMBER
Classification number AGR GNO 2012 B050 Or.1
100 ## - MAIN ENTRY--PERSONAL NAME
9 (RLIN) 1833
Personal name GNOR, SENGLY
245 ## - TITLE STATEMENT
Title Effect of duration applicating direct seeding mulch based cropping system on soil fuana in chamkaler district,kompong cham province, ឥទ្ធិពលនៃរយៈពេលអនុរត្តប្រព័ន្ធដាំដុះដំណាំគម្របដីលើប្រជាករសត្វល្អិតក្នុងដីលក្ខខណ្ឌស្រុកចំការលើ​ខេត្តកំពង់ចាម
260 ## - PUBLICATION, DISTRIBUTION, ETC. (IMPRINT)
Place of publication, distribution, etc. Phnom Penh
Name of publisher, distributor, etc. RUA
Date of publication, distribution, etc. 2012
300 ## - PHYSICAL DESCRIPTION
Extent vii; 53p.
Other physical details ill.
Dimensions 29cm.
942 ## - ADDED ENTRY ELEMENTS (KOHA)
Source of classification or shelving scheme
Koha item type AGR
Holdings
Price effective from Date last seen Permanent Location Not for loan Date acquired Source of classification or shelving scheme Koha item type Lost status Withdrawn status Date last checked out Total Checkouts Shelving location Damaged status Barcode Current Location Full call number
2015-10-032015-10-03Library Block B 2015-10-03 AGR    B050 RUA000685Library Block BAGR GNO 2012 B050 Or.1
2015-10-032015-10-03Library Block B 2015-10-03 AGR    B050 RUA000757Library Block BAGR GNO 2012 B050 Or.2
2015-10-032015-10-03Library Block B 2015-10-03 AGR    B050 RUA000829Library Block BAGR GNO 2012 B050 Or.3
2015-10-032020-05-12Library Block B 2015-10-03 AGR  2020-03-062B050 RUA000452Library Block BAGR GNO 2012 B050 Or.4
2016-01-262016-12-13Library Block B 2016-01-26 AGR  2016-11-271B050 RUA41269Library Block BAGR GNO 2012 B050 Or.5
មជ្ឈមណ្ឌលឯការនៃសាកលវិទ្យាល័យភូមិន្ទកសិកម្មចំការដូង

Powered by Koha